| 000 | 00964nam a2200169 a 4500 | ||
|---|---|---|---|
| 008 | 120416s1992 xx |||||||||||||| || u | ||
| 050 | _aNA 9031 Tib | ||
| 100 | _aTibbalds, Francis | ||
| 245 | 1 | 0 | _aMaking people-friendly towns |
| 246 | _aimproving the public environment in towns and cities | ||
| 260 | _c1992 | ||
| 350 | _a0.00 | ||
| 995 |
_aMAIN LIBRARY OPEN ACCESS _D0.00 _e726323 _FCBU-MAIN LIBRARY (Kitwe) _H2 _I37.00 _jNA 9031 Tib _UAVAILABLE _y010642 _ZMain Library Open Access Collection |
||
| 995 |
_aANNEX COLLECTION (Main Library) _D0.00 _e726324 _FCBU-MAIN LIBRARY (Kitwe) _H1 _I37.00 _jNA 9031 Tib _UAVAILABLE _y010643 _ZAnnex Low-Usage Collection |
||
| 995 |
_aMAIN LIBRARY OPEN ACCESS _D0.00 _e726325 _FCBU-MAIN LIBRARY (Kitwe) _H4 _I37.00 _jNA 9031 Tib _UAVAILABLE _y010644 _ZMain Library Open Access Collection |
||
| 995 |
_aANNEX COLLECTION (Main Library) _D0.00 _e726326 _FCBU-MAIN LIBRARY (Kitwe) _H3 _I37.00 _jNA 9031 Tib _UAVAILABLE _y010645 _ZAnnex Low-Usage Collection |
||
| 999 |
_c82340 _d82340 |
||